[Event "GER-ch Net blitz qual1"]
[Site "Playchess.com INT"]
[Date "2021.04.24"]
[Round "3"]
[White "Gremmel, Jonas Simon"]
[Black "Niebergall, Gerhard"]
[Result "0-1"]
[WhiteElo "1620"]
[BlackElo "1823"]
[PlyCount "168"]
[EventDate "2021.04.24"]
[EventType "swiss (blitz)"]
[EventRounds "11"]
[EventCountry "GER"]
[SourceTitle "CBM 202 Extra"]
[Source "ChessBase"]
[SourceDate "2021.07.31"]
[SourceVersion "1"]
[SourceVersionDate "2021.07.31"]
[SourceQuality "1"]

1. d4 d5 2. Nf3 c6 3. e3 Bf5 4. Bd3 Bg6 5. 0-0 Nf6 6. Ne5 Nbd7 7. f4 e6 8. Nxg6 hxg6 9. Nd2 c5 10. c3 Bd6 11. Nf3 Ne4 12. Ne5 Ndf6 13. Qa4+ Kf8 14. Qc2 c4 15. Be2 Qc7 16. Bf3 b5 17. Bd2 a5 18. a3 Ke7 19. g4 Rh3 20. g5 Nxd2 21. gxf6+ gxf6 22. Qxd2 fxe5 23. fxe5 Rah8 24. exd6+ Qxd6 25. Rf2 Kd7 26. Raf1 Qe7 27. Kh1 f5 28. Rg2 R3h6 29. Rfg1 Qh4 30. Bd1 g5 31. Qf2 Qxf2 32. Rxf2 g4 33. Rg3 Kd6 34. Bc2 Kc6 35. Rgg2 Kd6 36. Re2 Kc6 37. Kg1 Kd6 38. Re1 Rh3 39. Bd1 R8h7 40. Ree2 R7h6 41. Rg3 R3h5 42. Bc2 Rh8 43. b3 cxb3 44. Bxb3 Rc8 45. Rc2 a4 46. Ba2 Rh7 47. Rgg2 Rhc7 48. Bb1 Rxc3 49. Kf1 Kd7 50. Ke1 Rxe3+ 51. Kd1 Rxc2 52. Bxc2 Rxa3 53. Kd2 b4 54. Kc1 Ra1+ 55. Kb2 Re1 56. Bxa4+ Kd6 57. Bc2 Re3 58. Rd2 Rh3 59. Bd1 Rh4 60. Kb3 f4 61. Kxb4 f3 62. Kc3 e5 63. dxe5+ Kxe5 64. Kd3 Kf4 65. Rf2 Rh7 66. Be2 Ra7 67. Bd1 Ra3+ 68. Kd4 Ra1 69. Bb3 g3 70. hxg3+ Kxg3 71. Rd2 f2 72. Rxf2 Kxf2 73. Bxd5 Rd1+ 74. Ke5 Ke3 75. Bb3 Rc1 76. Bd5 Rc5 77. Kd6 Ra5 78. Be6 Kd4 79. Bd7 Ra6+ 80. Bc6 Kc4 81. Kc7 Kc5 82. Bb7 Rh6 83. Kb8 Kb6 84. Bc8 Rh8 0-1

[Event "GER Cup Net V2 U2000"]
[Site "Playchess.com INT"]
[Date "2020.05.22"]
[Round "5"]
[White "Niebergall, Gerhard"]
[Black "Bendrich, Thorsten"]
[Result "1-0"]
[WhiteElo "1813"]
[BlackElo "1749"]
[PlyCount "83"]
[EventDate "2020.05.22"]
[EventType "swiss (blitz)"]
[EventRounds "9"]
[EventCountry "GER"]
[SourceTitle "EXT 2021"]
[Source "ChessBase"]
[SourceDate "2020.10.23"]
[SourceVersion "1"]
[SourceVersionDate "2020.10.23"]
[SourceQuality "1"]

1. e4 c5 2. Nf3 Nc6 3. Bb5 d6 4. c3 Bd7 5. 0-0 a6 6. Ba4 b5 7. Bc2 e5 8. d3 Nf6 9. Re1 Be7 10. Nbd2 0-0 11. Nf1 h6 12. Ng3 Bg4 13. h3 Bd7 14. Be3 Qc8 15. Kh2 b4 16. d4 cxd4 17. cxd4 Qc7 18. Rc1 Rac8 19. Bd3 Qb7 20. Qe2 a5 21. Ba6 Qb8 22. Bxc8 Rxc8 23. d5 Nd8 24. Rxc8 Qxc8 25. Rc1 Qb7 26. Qc2 Ne8 27. Kg1 Kf8 28. Nh2 f6 29. Qd1 Nc7 30. Qh5 Be8 31. Qg4 Nf7 32. Nf5 g5 33. Qh5 Bd7 34. Nxh6 Nxh6 35. Qxh6+ Ke8 36. Qh8+ Kf7 37. Ng4 Bxg4 38. hxg4 Nb5 39. Qh7+ Ke8 40. Qg8+ Kd7 41. Qe6+ Ke8 42. Rc8+ 1-0

[Event "GER Cup Net V2 U2000"]
[Site "Playchess.com INT"]
[Date "2020.05.22"]
[Round "9"]
[White "Niebergall, Gerhard"]
[Black "Braeutigam, Alexander"]
[Result "1-0"]
[WhiteElo "1788"]
[BlackElo "1650"]
[PlyCount "87"]
[EventDate "2020.05.22"]
[EventType "swiss (blitz)"]
[EventRounds "9"]
[EventCountry "GER"]
[SourceTitle "EXT 2021"]
[Source "ChessBase"]
[SourceDate "2020.10.23"]
[SourceVersion "1"]
[SourceVersionDate "2020.10.23"]
[SourceQuality "1"]

1. e4 c5 2. Nf3 d6 3. Bb5+ Bd7 4. Bxd7+ Nxd7 5. c3 a6 6. 0-0 Ngf6 7. Re1 e5 8. d4 Be7 9. dxe5 Nxe5 10. Nxe5 dxe5 11. Qe2 0-0 12. Nd2 b5 13. a4 c4 14. Nf1 Qc7 15. Bg5 h6 16. Bxf6 Bxf6 17. Ne3 Bg5 18. Nd5 Qc6 19. g3 Rfd8 20. h4 Bf6 21. Qf3 Kf8 22. g4 Bxh4 23. Qf5 Qc5 24. Re2 Re8 25. Qh7 f6 26. axb5 axb5 27. Rxa8 Rxa8 28. Qh8+ Kf7 29. Qxa8 f5 30. Qb7+ Kg8 31. gxf5 Qd6 32. Qc8+ Kh7 33. Qe6 Qd8 34. Qg6+ Kh8 35. Qg4 Bg5 36. Kg2 Qa5 37. Qh5 Qa1 38. Qe8+ Kh7 39. Ne7 Bxe7 40. Qxe7 Qd1 41. Re3 Qg4+ 42. Rg3 Qxe4+ 43. Kh2 Qh4+ 44. Qxh4 1-0

[Event "GER Cup Net V1 U2000"]
[Site "Playchess.com INT"]
[Date "2020.05.19"]
[Round "9"]
[White "Meschke, Andreas"]
[Black "Niebergall, Gerhard"]
[Result "1-0"]
[WhiteElo "1892"]
[BlackElo "1816"]
[PlyCount "43"]
[EventDate "2020.05.19"]
[EventType "swiss (blitz)"]
[EventRounds "9"]
[EventCountry "GER"]
[SourceTitle "EXT 2021"]
[Source "ChessBase"]
[SourceDate "2020.10.23"]
[SourceVersion "1"]
[SourceVersionDate "2020.10.23"]
[SourceQuality "1"]

1. e4 e5 2. Nf3 Nc6 3. Bc4 Bc5 4. c3 Nf6 5. b4 Be7 6. d3 d6 7. Nbd2 0-0 8. Nf1 a6 9. Ng3 d5 10. exd5 Nxd5 11. 0-0 Nxc3 12. Qb3 Nb5 13. a3 Nbd4 14. Nxd4 Nxd4 15. Qd1 Be6 16. Bb2 Qd7 17. Re1 Bxc4 18. dxc4 f6 19. Bxd4 exd4 20. Qf3 c5 21. Nf5 Rfe8 22. Qg4 1-0

[Event "GER-ch Net Amateur Gr-B Final"]
[Site "Playchess.com INT"]
[Date "2020.04.18"]
[Round "2"]
[White "Jeute, Peter"]
[Black "Niebergall, Gerhard"]
[Result "1/2-1/2"]
[WhiteElo "1723"]
[BlackElo "1856"]
[PlyCount "65"]
[EventDate "2020.04.18"]
[EventType "swiss (blitz)"]
[EventRounds "13"]
[EventCountry "GER"]
[SourceTitle "CBM 195 Extra"]
[Source "ChessBase"]
[SourceDate "2020.05.31"]
[SourceVersion "1"]
[SourceVersionDate "2020.05.31"]
[SourceQuality "1"]

1. d4 d5 2. Nf3 Nf6 3. e3 e6 4. Bd3 b6 5. Nbd2 Ba6 6. c4 c6 7. 0-0 Be7 8. Re1 0-0 9. Qe2 c5 10. b3 Nc6 11. cxd5 Bxd3 12. Qxd3 Nb4 13. Qb1 cxd4 14. Nxd4 Nbxd5 15. Bb2 Rc8 16. Rc1 Qd7 17. N2f3 Rxc1+ 18. Qxc1 Rc8 19. Qd2 Qb7 20. Rc1 h6 21. Rxc8+ Qxc8 22. h3 Ne4 23. Qc2 Qxc2 24. Nxc2 Nec3 25. a4 Nd1 26. Be5 a6 27. Kf1 N1c3 28. Ncd4 Ne4 29. Nc6 Ba3 30. Nb8 a5 31. Nd7 Nc5 32. Nxc5 Bxc5 33. Ke2 1/2-1/2

[Event "GER-ch Net Amateur Gr-B Final"]
[Site "Playchess.com INT"]
[Date "2020.04.18"]
[Round "11"]
[White "Niebergall, Gerhard"]
[Black "Arndt, Olaf"]
[Result "1-0"]
[WhiteElo "1856"]
[BlackElo "1723"]
[PlyCount "97"]
[EventDate "2020.04.18"]
[EventType "swiss (blitz)"]
[EventRounds "13"]
[EventCountry "GER"]
[SourceTitle "CBM 195 Extra"]
[Source "ChessBase"]
[SourceDate "2020.05.31"]
[SourceVersion "1"]
[SourceVersionDate "2020.05.31"]
[SourceQuality "1"]

1. e4 e5 2. Nf3 Nf6 3. Nc3 Nc6 4. d4 exd4 5. Nxd4 Bc5 6. Nxc6 bxc6 7. Bc4 0-0 8. 0-0 Re8 9. Qf3 Bd4 10. Bd3 d6 11. h3 h6 12. Bd2 Rb8 13. b3 Be6 14. Rae1 Qd7 15. Ne2 Be5 16. Nf4 Bxf4 17. Bxf4 Rbd8 18. Rd1 Qe7 19. Rde1 Nd7 20. Qg3 Qf6 21. Be3 a5 22. f4 Qc3 23. f5 Bd5 24. exd5 cxd5 25. Bxh6 Kh7 26. f6+ g6 27. Bg7 Qd4+ 28. Kh2 Rxe1 29. Qxe1 Qe5+ 30. Qxe5 dxe5 31. Bb5 Nb6 32. a4 Rd6 33. Re1 c6 34. Ba6 Nd7 35. Bc8 Nxf6 36. Bxf6 Rxf6 37. Rxe5 Rf2 38. c4 dxc4 39. bxc4 Ra2 40. Rc5 Rxa4 41. Rxc6 Rb4 42. Rc7 a4 43. c5 Kg7 44. c6 Rc4 45. Bd7 a3 46. Ra7 Rc3 47. c7 Kf6 48. c8Q Rxc8 49. Bxc8 1-0

[Event "GER-ch Net Amateur Gr-B Final"]
[Site "Playchess.com INT"]
[Date "2020.04.18"]
[Round "10"]
[White "Niebergall, Gerhard"]
[Black "Sondermann, Dirk"]
[Result "1-0"]
[WhiteElo "1856"]
[BlackElo "1680"]
[PlyCount "99"]
[EventDate "2020.04.18"]
[EventType "swiss (blitz)"]
[EventRounds "13"]
[EventCountry "GER"]
[SourceTitle "CBM 195 Extra"]
[Source "ChessBase"]
[SourceDate "2020.05.31"]
[SourceVersion "1"]
[SourceVersionDate "2020.05.31"]
[SourceQuality "1"]

1. e4 e6 2. d4 d5 3. exd5 exd5 4. Nf3 Nc6 5. Bd3 Bd6 6. 0-0 Nge7 7. Bg5 f6 8. Bh4 Bg4 9. c3 Qd7 10. Nbd2 Bf5 11. Qc2 0-0 12. Rfe1 Bxd3 13. Qxd3 a6 14. Bg3 Qf5 15. Qe2 Rfe8 16. Bxd6 cxd6 17. Qe6+ Qxe6 18. Rxe6 Rad8 19. Rae1 Kf7 20. R6e2 Ng6 21. Rxe8 Rxe8 22. Rxe8 Kxe8 23. Nf1 Nce7 24. Ne3 Nf4 25. Ne1 Kd7 26. Kf1 Kc6 27. g3 Ne6 28. N1c2 a5 29. Ke2 b5 30. Kd3 Ng5 31. Ne1 Ne4 32. f3 Ng5 33. h4 Ne6 34. N1c2 Nf8 35. Ne1 Nd7 36. N1g2 Nb6 37. b3 a4 38. Nf4 g5 39. hxg5 fxg5 40. Ne6 h6 41. Nd8+ Kd7 42. Nf7 Ng8 43. Nf5 Ke6 44. N7xh6 Nxh6 45. Nxh6 axb3 46. axb3 Nd7 47. Ng4 Kf5 48. Ne3+ Kf6 49. Nxd5+ Kg6 50. Nc7 1-0

[Event "GER-ch Net Amateur Gr-B Final"]
[Site "Playchess.com INT"]
[Date "2020.04.18"]
[Round "12"]
[White "Riesner, Daniel"]
[Black "Niebergall, Gerhard"]
[Result "1-0"]
[WhiteElo "2161"]
[BlackElo "1856"]
[PlyCount "79"]
[EventDate "2020.04.18"]
[EventType "swiss (blitz)"]
[EventRounds "13"]
[EventCountry "GER"]
[SourceTitle "CBM 195 Extra"]
[Source "ChessBase"]
[SourceDate "2020.05.31"]
[SourceVersion "1"]
[SourceVersionDate "2020.05.31"]
[SourceQuality "1"]

1. d4 d5 2. c4 e6 3. Nf3 Nf6 4. g3 dxc4 5. Bg2 a6 6. 0-0 Nc6 7. e3 Rb8 8. Nfd2 Be7 9. Nxc4 0-0 10. b3 Bd7 11. Bb2 b5 12. Ncd2 Nb4 13. a3 Nd3 14. Bc3 b4 15. axb4 Nxb4 16. Nc4 Bb5 17. Nba3 c5 18. Nxb5 axb5 19. Ne5 Qb6 20. dxc5 Bxc5 21. Bxb4 Bxb4 22. Nc6 Bc3 23. Rc1 b4 24. Nxb8 Rxb8 25. Qe2 g6 26. Rfd1 Kg7 27. h4 h5 28. Qc4 Rd8 29. Rxd8 Qxd8 30. Qe2 Qa5 31. Qc2 Ng4 32. Rd1 Qe5 33. Bf3 Nh6 34. Qe4 Qa5 35. Rd7 Qa1+ 36. Kg2 Qb2 37. Qc4 Nf5 38. Be2 Kh6 39. Rxf7 Nd6 40. Qf4+ 1-0

[Event "GER-ch Net Amateur Gr-B Final"]
[Site "Playchess.com INT"]
[Date "2020.04.18"]
[Round "3"]
[White "Schmaelzle, Harald"]
[Black "Niebergall, Gerhard"]
[Result "1-0"]
[WhiteElo "1757"]
[BlackElo "1856"]
[PlyCount "67"]
[EventDate "2020.04.18"]
[EventType "swiss (blitz)"]
[EventRounds "13"]
[EventCountry "GER"]
[SourceTitle "CBM 195 Extra"]
[Source "ChessBase"]
[SourceDate "2020.05.31"]
[SourceVersion "1"]
[SourceVersionDate "2020.05.31"]
[SourceQuality "1"]

1. d4 d5 2. Nf3 Nf6 3. Bg5 Nbd7 4. e3 h6 5. Bh4 e6 6. Bd3 c5 7. c3 Be7 8. Nbd2 0-0 9. Qe2 b6 10. 0-0 Bb7 11. Ba6 Bxa6 12. Qxa6 Qc8 13. Qd3 Qb7 14. Rfe1 Rfe8 15. Rad1 Ne4 16. Bxe7 Rxe7 17. Qe2 cxd4 18. Nxd4 a6 19. Nxe4 dxe4 20. Nb3 Ne5 21. Rd4 Nd3 22. Nc1 Nxe1 23. Qxe1 Rd7 24. Qd2 Rad8 25. Nb3 e5 26. Rxd7 Qxd7 27. Qxd7 Rxd7 28. Kf1 a5 29. Ke2 f6 30. Nd2 f5 31. Nc4 Rd5 32. Nxb6 Rb5 33. Nc4 Kf7 34. Nd6+ 1-0

[Event "GER-ch Net Amateur Gr-B Vor3"]
[Site "Playchess.com INT"]
[Date "2020.04.16"]
[Round "2"]
[White "Fock, Sana"]
[Black "Niebergall, Gerhard"]
[Result "0-1"]
[WhiteElo "1679"]
[BlackElo "1852"]
[PlyCount "82"]
[EventDate "2020.04.16"]
[EventType "swiss (blitz)"]
[EventRounds "9"]
[EventCountry "GER"]
[SourceTitle "CBM 195 Extra"]
[Source "ChessBase"]
[SourceDate "2020.05.31"]
[SourceVersion "1"]
[SourceVersionDate "2020.05.31"]
[SourceQuality "1"]

1. e4 e5 2. d4 exd4 3. Qxd4 Nc6 4. Qe3 Nf6 5. Nc3 Bb4 6. Bd2 0-0 7. 0-0-0 Re8 8. Qg3 Nxe4 9. Nxe4 Rxe4 10. c3 Bf8 11. Bd3 Qe7 12. Bxe4 Qxe4 13. f3 Qa4 14. Kb1 Qxd1+ 15. Bc1 Bd6 16. f4 Bc5 17. f5 Bd6 18. Qe3 Ne5 19. Nf3 Qd3+ 20. Qxd3 Nxd3 21. Bg5 f6 22. Bh4 Bf4 23. Rd1 Ne5 24. Nxe5 Bxe5 25. g4 d6 26. Kc2 h5 27. h3 hxg4 28. hxg4 g6 29. fxg6 Bxg4 30. Rg1 Bf5+ 31. Kd2 Kg7 32. c4 Rh8 33. Be1 Rh2+ 34. Ke3 c5 35. Bc3 Bxc3 36. bxc3 Rh3+ 37. Kd2 Rd3+ 38. Ke2 Rxc3 39. Rf1 Bd3+ 40. Ke1 Bxf1 41. Kxf1 Rxc4 0-1

[Event "GER-ch Net Amateur Gr-B Vor3"]
[Site "Playchess.com INT"]
[Date "2020.04.16"]
[Round "9"]
[White "Niebergall, Gerhard"]
[Black "Friemel, Reinhard"]
[Result "1-0"]
[WhiteElo "1852"]
[BlackElo "1685"]
[PlyCount "149"]
[EventDate "2020.04.16"]
[EventType "swiss (blitz)"]
[EventRounds "9"]
[EventCountry "GER"]
[SourceTitle "CBM 195 Extra"]
[Source "ChessBase"]
[SourceDate "2020.05.31"]
[SourceVersion "1"]
[SourceVersionDate "2020.05.31"]
[SourceQuality "1"]

1. e4 e6 2. d4 d5 3. exd5 exd5 4. Nf3 Bd6 5. Bd3 Ne7 6. 0-0 Bf5 7. Re1 Bxd3 8. Qxd3 0-0 9. Bg5 f6 10. Bh4 c6 11. Nbd2 Nd7 12. Re2 Ng6 13. Bg3 Bxg3 14. hxg3 Re8 15. Rae1 Rxe2 16. Rxe2 Ndf8 17. Nf1 Qd7 18. Re3 Kf7 19. Qe2 Re8 20. c3 Rxe3 21. Nxe3 h6 22. Qd3 Qe6 23. a4 a6 24. a5 Ne7 25. Nd2 f5 26. Nf3 Nd7 27. b4 Qe4 28. Qd1 g5 29. Nd2 Qd3 30. Qc2 Qxc2 31. Nxc2 Kf6 32. f3 Ng6 33. Kf2 h5 34. Nb3 g4 35. Ne1 Kg5 36. Nd3 Kf6 37. Ndc5 Nxc5 38. Nxc5 Ke7 39. Nxb7 Kd7 40. Nc5+ Kc7 41. Nxa6+ Kb7 42. Nc5+ Kc7 43. Ke3 h4 44. gxh4 Nxh4 45. fxg4 Nxg2+ 46. Kf3 Ne1+ 47. Kf4 fxg4 48. Kxg4 Nc2 49. Kf5 Ne3+ 50. Ke5 Nd1 51. Ne6+ Kd7 52. Nf8+ Ke7 53. Ng6+ Kd7 54. a6 Kc7 55. Ne7 Nxc3 56. a7 Kb7 57. Nxc6 Nb5 58. Kxd5 Nc7+ 59. Kc5 Ne6+ 60. Kd6 Nf4 61. d5 Nd3 62. b5 Nb2 63. Kd7 Nc4 64. Ke8 Nd6+ 65. Ke7 Nxb5 66. Nd8+ Kxa7 67. Nc6+ Kb7 68. Ne5 Kc7 69. Nc4 Kc8 70. Nd6+ Nxd6 71. Kxd6 Kd8 72. Kc6 Kc8 73. d6 Kd8 74. d7 Ke7 75. Kc7 1-0

[Event "Vellmar op 9th"]
[Site "Vellmar"]
[Date "2017.07.16"]
[Round "6"]
[White "Niebergall, Gerhard"]
[Black "Lehnert, Michael"]
[Result "1/2-1/2"]
[WhiteElo "2001"]
[BlackElo "1899"]
[PlyCount "27"]
[EventDate "2017.07.13"]
[EventType "swiss"]
[EventRounds "7"]
[EventCountry "GER"]
[SourceTitle "CBM 179 Extra"]
[Source "ChessBase"]
[SourceDate "2017.08.23"]
[SourceVersion "1"]
[SourceVersionDate "2017.08.23"]
[SourceQuality "1"]

1. d4 g6 2. e4 Bg7 3. Nf3 d6 4. h3 e6 5. Nc3 f6 6. Be3 Nh6 7. Qd2 Nf7 8. Bc4 c6 9. a4 a5 10. 0-0 d5 11. Bd3 0-0 12. Rae1 Na6 13. Bxa6 Rxa6 14. exd5 1/2-1/2

[Event "Heusenstamm Sparkassen op-A 3rd"]
[Site "Heusenstamm"]
[Date "2016.11.27"]
[Round "5"]
[White "Karimi, Farhad"]
[Black "Niebergall, Gerhard"]
[Result "1/2-1/2"]
[WhiteElo "2096"]
[BlackElo "2001"]
[PlyCount "174"]
[EventDate "2016.11.24"]
[EventType "swiss"]
[EventRounds "7"]
[EventCountry "GER"]
[SourceTitle "EXT 2018"]
[Source "ChessBase"]
[SourceDate "2017.10.13"]
[SourceVersion "1"]
[SourceVersionDate "2017.10.13"]
[SourceQuality "1"]

1. d4 d5 2. Nf3 Nc6 3. e3 Bg4 4. Be2 e6 5. 0-0 Bd6 6. h3 Bh5 7. Nbd2 Nf6 8. c4 dxc4 9. Nxc4 0-0 10. Qb3 Rb8 11. Rd1 b5 12. Nce5 Qe8 13. g4 Bg6 14. Nxg6 hxg6 15. Bf1 a6 16. Ng5 Be7 17. f4 Nd5 18. Nf3 Na5 19. Qc2 Qc6 20. Qxc6 Nxc6 21. a3 f5 22. g5 Bd6 23. Bd2 Nce7 24. Rdc1 Rb6 25. Kf2 Rc6 26. Ne1 Rxc1 27. Rxc1 Rc8 28. Nd3 Kf8 29. Bg2 Ke8 30. Bb4 Kd7 31. Bc5 a5 32. Ke2 Rb8 33. Kd2 Nc8 34. Bxd5 exd5 35. b3 Ne7 36. Ke2 Rh8 37. Rh1 Nc6 38. Kf3 Nd8 39. b4 axb4 40. Bxd6 Kxd6 41. axb4 Nc6 42. h4 Ra8 43. h5 gxh5 44. Rxh5 Ra3 45. Ke2 Ra2+ 46. Kd1 Ke7 47. Rh8 Ra3 48. Kc2 Ra2+ 49. Kb3 Re2 50. Rh3 Nd8 51. Ne5 Nb7 52. Kc3 Nd6 53. Nd3 Ne4+ 54. Kb3 Nd2+ 55. Kc2 Nc4+ 56. Kc3 Rxe3 57. Rh7 Kf7 58. Rh8 Nb2 59. Kxb2 Rxd3 60. Rc8 Rxd4 61. Rxc7+ Kg6 62. Rc6+ Kh5 63. Rb6 Rxb4+ 64. Kc3 Rxf4 65. Rxb5 d4+ 66. Kd3 Kxg5 67. Rb1 g6 68. Rg1+ Rg4 69. Rh1 Kf4 70. Kxd4 Rg2 71. Rf1+ Kg5 72. Re1 Kg4 73. Ke5 f4 74. Kf6 g5 75. Re5 Kf3 76. Kf5 Re2 77. Ra5 Kg2 78. Kg4 f3 79. Rxg5 f2 80. Kf4+ Kh2 81. Rh5+ Kg1 82. Rg5+ Kh2 83. Rh5+ Kg1 84. Rg5+ Kf1 85. Ra5 Ke1 86. Ra1+ Kd2 87. Kf3 f1Q+ 1/2-1/2

[Event "Heusenstamm Sparkassen op-A 3rd"]
[Site "Heusenstamm"]
[Date "2016.11.27"]
[Round "6"]
[White "Niebergall, Gerhard"]
[Black "Poghosyan, Tigran"]
[Result "1/2-1/2"]
[WhiteElo "2001"]
[BlackElo "2080"]
[PlyCount "55"]
[EventDate "2016.11.24"]
[EventType "swiss"]
[EventRounds "7"]
[EventCountry "GER"]
[SourceTitle "EXT 2018"]
[Source "ChessBase"]
[SourceDate "2017.10.13"]
[SourceVersion "1"]
[SourceVersionDate "2017.10.13"]
[SourceQuality "1"]

1. d4 Nf6 2. Bf4 g6 3. e3 Bg7 4. Nf3 0-0 5. Nbd2 d5 6. h3 c5 7. c3 Nc6 8. Be2 Re8 9. 0-0 e6 10. Bh2 Qe7 11. Qb3 a6 12. a4 Nd7 13. a5 Rd8 14. Bc7 Rf8 15. Bg3 h6 16. Qa3 e5 17. dxe5 Ncxe5 18. Nxe5 Bxe5 19. Bxe5 Qxe5 20. Nf3 Qc7 21. b4 c4 22. Rfd1 Nf6 23. Rd4 Be6 24. Nd2 Qe5 25. Nf3 Qc7 26. Nd2 Qe5 27. Nf3 Qc7 28. Nd2 1/2-1/2